000 00552nam a2200217Ia 4500
008 101110s9999 xx 000 0 und d
041 _aENGLISH
082 _bSR26869
100 _aAsch M.
245 _aAbnormal and development psychology
260 _c2003
_bSarup and sons, New Delhi
300 _a138
365 _b250
520 _aPsychology
546 _aENGLISH
630 _aAbnormal and development psychology
650 _aPsychology
655 _aPsychology
730 _aAbnormal and development psychology
942 _cBOOK
999 _c819431
_d819428